01356nam a2200289 a 450000100100000000500170001000800410002704000250006804100390009308200130013210000260014524000550017124501120022626001080033830000280044649000170047449000740049153400670056550000220063270000410065483000810069583000240077604900090080095201170080995201230092699900170104900002380920200930022500.0110113s1972 mx 001 0 spa d aDO-SdBNPbspacBNPHU17aspaheng2Código de idiomas MARC ann*bnn*1 aParker, Harry.94901210aSimplified design of structural timber.lEspañol10aDiseño simplificado de estructuras de madera /cHarry Parker M. C. ; traducción Jose Luis Lepe Saucedo. aMéxico, D. F. :bCentro Regional de Ayuda Técnica. Agencia para el Desarrollo Internacional,c1972. a294 p. :bil. ;c22 cm.1 aLimusa Wiley1 aTextos simplificados para arquitectura, ingeniería y construcciones aTítulo en inglés :tSimplified design of structural timber aIncluye índice.1 aLepe Saucedo, Jose Luis,etr.949013 0aTextos simplificados para arquitectura, ingeniería y construcciones949014 0aLimusa Wiley949015 aBNGR 001054708MOaGRbGRcCTd2011-01-13iLF1l0onn* nn*p23809-10r2020-06-25w2020-06-25y4ZPréstamo en sala 001054728MOaGRbGRcCTd2011-01-13iLF1l0onn* nn*p23809-20r2020-06-25te. 2w2020-06-25y4ZPréstamo en sala c23305d23305